000 00485nam a2200169Ia 4500
008 090711s9999 xx 000 0 und d
082 _b48595
100 _aकोल्हटकर िSां. ग.
245 _aबहुरू पी
260 _c1983
300 _a476
600 _aकोल्हटकर िSां. ग.
630 _aबहुरू पी
700 _aकोल्हटकर िSां. ग.
730 _aबहुरू पी
942 _cBOOK
999 _c331937
_d331937